Statistics for All Minecraft Mobs that can spawn in the Nether,

Click here to take the quiz!

General Stats

  • This quiz has been taken 6 times
    (4 since last reset)
  • The average score is 7 of 11

Answer Stats

Answer% Correct
Blaze
100%
Ghast
100%
Magma Cube
100%
Skeleton
100%
Hoglin
75%
Piglin
75%
Wither Skeleton
75%
Strider
50%
Enderman
25%
Piglin Brute
25%
Zombified Piglin
0%

Score Distribution

Percentile by Number Answered

Percent of People with Each Score

Your Score History

You have not taken this quiz since the last reset